[Event "Zuerich Seniors op 07th"]
[Site "Zuerich"]
[Date "2009.??.??"]
[Round "?"]
[White "Koch, Werner"]
[Black "Eggenberger, Ulrich"]
[Result "0-1"]
[WhiteElo "1576"]
[BlackElo "1928"]
[PlyCount "76"]
[EventDate "2009.01.26"]
[EventType "swiss"]
[EventRounds "9"]
[EventCountry "SUI"]
[SourceTitle "EXT 2022"]
[Source "ChessBase"]
[SourceDate "2021.10.06"]
[SourceVersion "1"]
[SourceVersionDate "2021.10.06"]
[SourceQuality "1"]

1. e4 e6 2. d4 d5 3. e5 b6 4. Nf3 Qd7 5. Be2 Ba6 6. 0-0 Bxe2 7. Qxe2 Be7 8. Be3 h5 9. h4 Nh6 10. Bxh6 Rxh6 11. Ng5 Nc6 12. c3 Bd8 13. Nd2 Ne7 14. Ndf3 Nf5 15. g3 Be7 16. a4 a6 17. b4 Bxg5 18. Nxg5 Rh8 19. b5 a5 20. Rac1 g6 21. Rfd1 Kf8 22. Rd3 Kg7 23. Rf3 Rhc8 24. Rf4 c5 25. Rd1 cxd4 26. cxd4 Rc4 27. g4 hxg4 28. Qxg4 Rh8 29. Ra1 Rxh4 30. Qxh4 Nxh4 31. Rxf7+ Qxf7 32. Nxf7 Kxf7 33. Kh2 Nf3+ 34. Kg3 Nxd4 35. f4 Nf5+ 36. Kg4 Kg7 37. Kg5 Rc3 38. Rg1 Rg3+ 0-1

[Event "SUI-ch op"]
[Site "Leukerbad"]
[Date "2007.07.15"]
[Round "4"]
[White "Reust, Erika"]
[Black "Eggenberger, Ulrich"]
[Result "1/2-1/2"]
[WhiteElo "1908"]
[BlackElo "1997"]
[PlyCount "38"]
[EventDate "2007.07.12"]
[EventType "swiss"]
[EventRounds "9"]
[EventCountry "SUI"]
[SourceTitle "CBM 119 Extra"]
[Source "ChessBase"]
[SourceDate "2007.09.04"]
[SourceVersion "1"]
[SourceVersionDate "2007.09.04"]
[SourceQuality "1"]

1. e4 e6 2. d4 d5 3. Nc3 Nf6 4. Bg5 Bb4 5. exd5 exd5 6. Bd3 Be6 7. Nge2 Nbd7 8. a3 Bxc3+ 9. Nxc3 c6 10. 0-0 Qb6 11. Ne2 0-0 12. Rb1 Bg4 13. f3 Bh5 14. c3 Bg6 15. Nf4 Bxd3 16. Nxd3 Rfe8 17. Qd2 Re7 18. Rfe1 Rae8 19. Rxe7 Rxe7 1/2-1/2

[Event "Adelboden Seniors op 4th"]
[Site "Adelboden"]
[Date "2006.06.23"]
[Round "5"]
[White "Eggenberger, Ulrich"]
[Black "Weder, Hanspeter"]
[Result "1/2-1/2"]
[WhiteElo "1952"]
[BlackElo "1914"]
[PlyCount "58"]
[EventDate "2006.06.19"]
[EventType "swiss"]
[EventRounds "9"]
[EventCountry "SUI"]
[SourceTitle "EXT 2007"]
[Source "ChessBase"]
[SourceDate "2006.11.23"]
[SourceVersion "1"]
[SourceVersionDate "2006.11.23"]
[SourceQuality "1"]

1. e4 c6 2. d4 d5 3. Nc3 dxe4 4. Nxe4 Bf5 5. Ng3 Bg6 6. h4 h6 7. Nf3 Nd7 8. h5 Bh7 9. Bd3 Bxd3 10. Qxd3 e6 11. Bd2 Qc7 12. 0-0-0 Ngf6 13. Ne4 Nxe4 14. Qxe4 Nf6 15. Qe2 Bd6 16. g3 0-0-0 17. Ne5 Bxe5 18. dxe5 Nd7 19. f4 b6 20. Rhf1 Nb8 21. Be3 c5 22. Rxd8+ Rxd8 23. Qg4 Rg8 24. Rd1 Nc6 25. a3 Ne7 26. Qf3 Qc6 27. Qxc6+ Nxc6 28. g4 Rd8 29. Rxd8+ Kxd8 1/2-1/2